00425nas a2200181 4500000000100000008004100001260001900042653003100061653001800092653001100110653001400121653001200135100001400147245005200161300000900213490000700222022001400229 1999 d c1999 Jul 21-2710aEmigration and Immigration10aGlobal health10aHumans10aIncidence10aleprosy1 aStretch R00aPresentation and treatment of Hansen's disease. a46-70 v95 a0954-7762